GUT FEELINGS THE INTELLIGENCE OF THE UNC (Record no. 11784)

MARC details
000 -LEADER
fixed length control field 00349nam a2200133Ia 4500
008 - FIXED-LENGTH DATA ELEMENTS--GENERAL INFORMATION
fixed length control field 240624s9999 xx 000 0 und d
041 ## - LANGUAGE CODE
Language code of text/sound track or separate title eng
082 ## - DEWEY DECIMAL CLASSIFICATION NUMBER
Classification number 153.4 GIG
100 ## - MAIN ENTRY--PERSONAL NAME
Personal name GIGERENZER GERD
245 ## - TITLE STATEMENT
Title GUT FEELINGS THE INTELLIGENCE OF THE UNC
260 ## - PUBLICATION, DISTRIBUTION, ETC.
Date of publication, distribution, etc. 2007
Place of publication, distribution, etc. New Delhi
Name of publisher, distributor, etc. Viking Books
300 ## - PHYSICAL DESCRIPTION
Extent 280 : p. : cm. ; 24
365 ## - TRADE PRICE
Currency code BPS
Price amount 20
Holdings
Withdrawn status Lost status Damaged status Not for loan Home library Current library Shelving location Date acquired Source of acquisition Cost, normal purchase price Total Holds Full call number Barcode Date last seen Copy number Price effective from Koha item type
        IMTN IMTN Rack 2-B 12/01/2008 WBD 4.99 577 153.4 GIG 11784 06/24/2024 80 06/24/2024 Books
Designed & Maintained by: LRC IMT Nagpur Contact: lrc@imtnag.ac.in© 2024. All Rights Reserved.